000 01293nam a22003731i 4500
001 14915260
003 EG-ScBUE
005 20230301040125.0
008 200121s2020 ua ae f b 001 0 eng d
020 _a9789774168901
020 _a9774168909
035 _a(NhCcYBP)om281597073
035 _a14915260
040 _aNhCcYBP
_beng
_erda
_cNhCcYBP
_dEG-ScBUE
043 _af-ua---
082 0 4 _222
_a720.92
_bSTE
100 1 _aSteele, James,
_d1943-
_eauthor.
245 1 0 _aAbdelhalim Ibrahim Abdelhalim :
_ban architecture of collective memory /
_cJames Steele.
264 1 _aCairo ;
_aNew York :
_bThe American University in Cairo Press,
_c2020.
300 _avii, 194 pages :
_billustrations (chiefly color), plans (chiefly color) ;
_c29 cm
336 _atext
_btxt
_2rdacontent
336 _astill image
_bsti
_2rdacontent
337 _aunmediated
_bn
_2rdamedia
338 _avolume
_bnc
_2rdacarrier
504 _aIncludes bibliographical references and index.
600 1 7 _aAbdelhalim, Abdelhalim Ibrahim
_xCriticism and interpretation.
_2BUEsh
650 7 _2BUEsh
_aArchitects
_zEgypt
_y20th century
_vBiography.
653 _bENGARC
_cMarch2023
655 _vReading book
942 _2ddc
_cBB
960 _a39002134777714
987 _cON ORDER
999 _c30168
_d30139